00341nam a22000977a 4500008004100000020002200041082001200063100003400075245011600109300001800225230519b |||||||| |||| 00| 0 eng d a978-99936-777-1-1 a954.98  aThe National Museum of Bhutan aའབྲུག་གི་དངོས་ཅན་དང་དངོས་མེད་ལམ་སྲོལ། a553 p.c23 cm